[Event "Pan American-ch U2000"]
[Site "Timbo"]
[Date "2021.12.03"]
[Round "6"]
[White "Almeida, Heidy Jose Moreira"]
[Black "Silva, Guilherme Henrique"]
[Result "0-1"]
[WhiteElo "1839"]
[BlackElo "1925"]
[PlyCount "62"]
[EventDate "2021.12.01"]
[EventType "swiss"]
[EventRounds "9"]
[EventCountry "BRA"]
[SourceTitle "CBM 205 Extra"]
[Source "ChessBase"]
[SourceDate "2022.01.31"]
[SourceVersion "1"]
[SourceVersionDate "2022.01.31"]
[SourceQuality "1"]

1. e4 c5 2. Nf3 e6 3. Nc3 a6 4. Be2 d6 5. d4 cxd4 6. Nxd4 Nf6 7. 0-0 Be7 8. a4 b6 9. f4 Qc7 10. Bf3 Bb7 11. e5 dxe5 12. Bxb7 Qxb7 13. fxe5 Nd5 14. Qg4 Bc5 15. Kh1 Bxd4 16. Qxd4 Nxc3 17. Qxc3 0-0 18. Qg3 Qe4 19. Bh6 Qg6 20. Qxg6 hxg6 21. Be3 Nd7 22. Kg1 Rac8 23. c3 Nxe5 24. Bxb6 Nc4 25. Bd4 e5 26. Bf2 Nxb2 27. Rfb1 Nc4 28. Rb7 Rfd8 29. g4 Rd3 30. g5 Rxc3 31. Rf1 Nd2 0-1

[Event "Pan American-ch U2000"]
[Site "Timbo"]
[Date "2021.12.02"]
[Round "4"]
[White "Almeida, Heidy Jose Moreira"]
[Black "Bisesar, Maycon da Costa"]
[Result "1-0"]
[WhiteElo "1839"]
[BlackElo "1773"]
[PlyCount "119"]
[EventDate "2021.12.01"]
[EventType "swiss"]
[EventRounds "9"]
[EventCountry "BRA"]
[SourceTitle "CBM 205 Extra"]
[Source "ChessBase"]
[SourceDate "2022.01.31"]
[SourceVersion "1"]
[SourceVersionDate "2022.01.31"]
[SourceQuality "1"]

1. e4 d6 2. d4 Nf6 3. Nc3 g6 4. Bc4 Bg7 5. Nf3 0-0 6. h3 Nxe4 7. Nxe4 d5 8. Bd3 dxe4 9. Bxe4 c6 10. c3 Nd7 11. 0-0 Nf6 12. Bc2 Bd7 13. Ne5 Be6 14. Bb3 Bxb3 15. Qxb3 Qc8 16. Re1 e6 17. Bf4 Nd7 18. Nc4 b5 19. Ne5 Nxe5 20. Bxe5 Qd7 21. a4 a6 22. Bxg7 Kxg7 23. Re5 Rab8 24. a5 Qd6 25. Rd1 b4 26. c4 Rfe8 27. g4 f6 28. Rc5 e5 29. Qd3 e4 30. Qg3 Qxg3+ 31. fxg3 Re6 32. Kf2 b3 33. d5 cxd5 34. cxd5 Rd6 35. Rc6 Rbd8 36. Rxd6 Rxd6 37. Ke3 f5 38. Kd4 Kf6 39. Kc5 Ke5 40. g5 Rd8 41. d6 e3 42. d7 Ke4 43. Kc6 e2 44. Rd6 Kf3 45. Re6 Kf2 46. Re8 e1Q 47. Rxd8 Qe6+ 48. Kc7 Qe5+ 49. Kb7 Qb5+ 50. Ka7 Qxa5 51. Rc8 Qa2 52. d8Q Qxb2 53. Qb6+ Kxg3 54. Qe3+ Kh4 55. Rc7 Qh8 56. Qf4+ Kh5 57. Qf3+ Kh4 58. Rc4+ Kxg5 59. Qg3+ Kf6 60. Qc3+ 1-0

[Event "Pan American-ch U2000"]
[Site "Timbo"]
[Date "2021.12.02"]
[Round "3"]
[White "Soares, Gustavo Henrique"]
[Black "Almeida, Heidy Jose Moreira"]
[Result "1-0"]
[WhiteElo "1910"]
[BlackElo "1839"]
[PlyCount "65"]
[EventDate "2021.12.01"]
[EventType "swiss"]
[EventRounds "9"]
[EventCountry "BRA"]
[SourceTitle "CBM 205 Extra"]
[Source "ChessBase"]
[SourceDate "2022.01.31"]
[SourceVersion "1"]
[SourceVersionDate "2022.01.31"]
[SourceQuality "1"]

1. d4 Nf6 2. c4 g6 3. Nc3 d5 4. cxd5 Nxd5 5. Bd2 Bg7 6. e4 Nb6 7. Be3 e5 8. dxe5 Qxd1+ 9. Rxd1 Bxe5 10. f4 Bxc3+ 11. bxc3 Be6 12. a3 0-0 13. Nf3 Nc6 14. Nd4 Nxd4 15. Rxd4 Rfe8 16. Kf2 Re7 17. Bb5 c6 18. Be2 Rae8 19. Rhd1 c5 20. Rd8 Bb3 21. Bb5 Bxd1 22. Bxe8 Kg7 23. Bxc5 Rxe4 24. Bb5 Ba4 25. Kf3 Re1 26. Bd4+ Kh6 27. Bxa4 Nxa4 28. Rd7 Rf1+ 29. Ke2 Ra1 30. Rxf7 Rxa3 31. g4 Nxc3+ 32. Kf1 Ra1+ 33. Kg2 1-0

[Event "Florianopolis op 6th"]
[Site "Florianopolis"]
[Date "2020.01.25"]
[Round "8"]
[White "Kim, Thiago"]
[Black "Almeida, Heidy Jose Moreira"]
[Result "1-0"]
[WhiteElo "1717"]
[BlackElo "1897"]
[PlyCount "83"]
[EventDate "2020.01.20"]
[EventType "swiss"]
[EventRounds "10"]
[EventCountry "BRA"]
[SourceTitle "CBM 194 Extra"]
[Source "ChessBase"]
[SourceDate "2020.03.31"]
[SourceVersion "1"]
[SourceVersionDate "2020.03.31"]
[SourceQuality "1"]

1. e4 d5 2. exd5 Nf6 3. d4 Nxd5 4. c4 Nf6 5. Nc3 g6 6. h3 Bg7 7. Nf3 c5 8. Be3 cxd4 9. Nxd4 0-0 10. Be2 Qa5 11. 0-0 Rd8 12. Nb3 Rxd1 13. Nxa5 Rxa1 14. Rxa1 Nbd7 15. Nb5 Ne8 16. Nxa7 b6 17. N5c6 Bb7 18. Rd1 Nef6 19. g4 h6 20. h4 Nf8 21. Nxe7+ Kh7 22. Nb5 Rxa2 23. Nd6 Be4 24. g5 Bc2 25. Rc1 Ne4 26. Nxf7 Rxb2 27. Rxc2 Rxc2 28. Bd3 Rc3 29. Bxe4 Rxc4 30. Nd6 Rc7 31. Nxg6 Nxg6 32. h5 hxg5 33. Bxg6+ Kg8 34. Nf5 Rc4 35. Nxg7 Kxg7 36. Bxb6 Ra4 37. Kg2 Rc4 38. Kg3 Ra4 39. Bd8 Kh6 40. Be7 Ra8 41. f3 Rc8 42. Kg4 1-0

[Event "Florianopolis op 6th"]
[Site "Florianopolis"]
[Date "2020.01.21"]
[Round "3"]
[White "Almeida, Heidy Jose Moreira"]
[Black "Teramoto, Anderson"]
[Result "1-0"]
[WhiteElo "1897"]
[BlackElo "1624"]
[PlyCount "87"]
[EventDate "2020.01.20"]
[EventType "swiss"]
[EventRounds "10"]
[EventCountry "BRA"]
[SourceTitle "CBM 194 Extra"]
[Source "ChessBase"]
[SourceDate "2020.03.31"]
[SourceVersion "1"]
[SourceVersionDate "2020.03.31"]
[SourceQuality "1"]

1. e4 g6 2. d4 Bg7 3. Be3 d6 4. Nc3 Nf6 5. f3 a6 6. Qd2 b5 7. g4 b4 8. Nce2 a5 9. a3 bxa3 10. Rxa3 c6 11. Ng3 Nbd7 12. g5 Ng8 13. h4 h5 14. N1e2 e6 15. f4 d5 16. f5 exf5 17. exf5 Bf8 18. Ra2 gxf5 19. Bh3 a4 20. 0-0 Nb6 21. Bf4 Ne7 22. Qd3 Ba6 23. Qf3 Bc8 24. Be5 Rh7 25. Nxf5 Ng6 26. Ng7+ Rxg7 27. Bxg7 Qe7 28. Bxf8 Kxf8 29. Bxc8 Rxc8 30. Qxh5 Qe3+ 31. Rf2 Nc4 32. Qf3 Qe6 33. h5 Nd2 34. Qf5 Qxf5 35. Rxf5 Nh4 36. Rf4 Nhf3+ 37. Kg2 Nxg5 38. Rxa4 Nc4 39. Ra7 Ne3+ 40. Kg3 Nxc2 41. Kh4 Ne6 42. Rfxf7+ Kg8 43. Nf4 Nxf4 44. Rxf4 1-0

[Event "Santa Catarina State-ch 63rd"]
[Site "Timbo"]
[Date "2019.06.08"]
[Round "3"]
[White "Leite, Gustavo De Paula"]
[Black "Almeida, Heidy Jose Moreira"]
[Result "0-1"]
[WhiteElo "1511"]
[BlackElo "1895"]
[PlyCount "56"]
[EventDate "2019.06.07"]
[EventType "swiss"]
[EventRounds "6"]
[EventCountry "BRA"]
[SourceTitle "EXT 2020"]
[Source "ChessBase"]
[SourceDate "2019.10.17"]
[SourceVersion "1"]
[SourceVersionDate "2019.10.17"]
[SourceQuality "1"]

1. e4 Nf6 2. e5 Nd5 3. c4 Nb6 4. d4 d6 5. f4 Nc6 6. d5 Nb8 7. Nf3 e6 8. Nc3 dxe5 9. Nxe5 Bb4 10. Nxf7 Kxf7 11. dxe6+ Bxe6 12. Qh5+ g6 13. Qe5 Re8 14. Be2 Bxc4 15. Bxc4+ Nxc4 16. 0-0 Nxe5 17. fxe5+ Kg7 18. Bf4 Bxc3 19. bxc3 Nc6 20. Rad1 Qe7 21. Rde1 Nxe5 22. Bxe5+ Qxe5 23. Rd1 Qe3+ 24. Kh1 Rad8 25. Rb1 Rd2 26. Rxb7 Rd1 27. Rxc7+ Kh6 28. Rxd1 Qe1+ 0-1

[Event "Santa Catarina State-ch 63rd"]
[Site "Timbo"]
[Date "2019.06.07"]
[Round "1"]
[White "Da Cunha, Matheus Mengarda"]
[Black "Almeida, Heidy Jose Moreira"]
[Result "0-1"]
[WhiteElo "1269"]
[BlackElo "1895"]
[PlyCount "96"]
[EventDate "2019.06.07"]
[EventType "swiss"]
[EventRounds "6"]
[EventCountry "BRA"]
[SourceTitle "EXT 2020"]
[Source "ChessBase"]
[SourceDate "2019.10.17"]
[SourceVersion "1"]
[SourceVersionDate "2019.10.17"]
[SourceQuality "1"]

1. d4 Nf6 2. e3 d5 3. Bd3 b6 4. f4 Ba6 5. Nf3 Bxd3 6. Qxd3 e6 7. Ne5 Ne4 8. 0-0 f6 9. Nf3 Nd7 10. Nbd2 Nxd2 11. Bxd2 f5 12. Qb5 Bd6 13. Ne5 Bxe5 14. fxe5 0-0 15. Rf4 g5 16. Rf3 c5 17. c3 Qe7 18. Raf1 Rf7 19. Qe2 g4 20. Rg3 Kh8 21. h3 h5 22. hxg4 hxg4 23. Kf2 Rh7 24. Qe1 Qh4 25. Ke2 Rf8 26. Kd1 Rff7 27. a3 Nf8 28. Kc2 Rh5 29. Kb1 c4 30. Kc2 Nh7 31. e4 dxe4 32. Re3 Qxe1 33. Rexe1 Rh2 34. Rxe4 Rxg2 35. Kc1 Kg7 36. Ref4 Rd7 37. R4f2 Rxf2 38. Rxf2 Kg6 39. Rg2 Ng5 40. Bxg5 Kxg5 41. Kd2 Rh7 42. Ke3 Rh3+ 43. Kf2 f4 44. a4 Rd3 45. Ke1 g3 46. d5 Rxd5 47. Ke2 Rxe5+ 48. Kf3 Re3# 0-1

[Event "Florianopolis op 5th"]
[Site "Florianopolis"]
[Date "2019.01.26"]
[Round "8"]
[White "Schiavo, Marcelo"]
[Black "Almeida, Heidy Jose Moreira"]
[Result "1/2-1/2"]
[WhiteElo "2070"]
[BlackElo "1886"]
[PlyCount "159"]
[EventDate "2019.01.21"]
[EventType "swiss"]
[EventRounds "10"]
[EventCountry "BRA"]
[SourceTitle "CBM 188 Extra"]
[Source "ChessBase"]
[SourceDate "2019.02.26"]
[SourceVersion "1"]
[SourceVersionDate "2019.02.26"]
[SourceQuality "1"]

1. d4 Nf6 2. c4 g6 3. Nc3 d5 4. Bf4 Bg7 5. e3 0-0 6. Nf3 b6 7. Be2 c6 8. h3 dxc4 9. Bxc4 Nd5 10. Be5 Nxc3 11. bxc3 c5 12. Bxg7 Kxg7 13. dxc5 Qc7 14. Qd4+ f6 15. cxb6 axb6 16. Be2 Be6 17. 0-0 Rd8 18. Qe4 Bd5 19. Qc2 Nc6 20. Rfc1 Na5 21. Nd4 Rdc8 22. Bf3 Qe5 23. Qd1 Rd8 24. Qe2 Bc4 25. Qb2 Rab8 26. Qb4 Qc7 27. h4 e5 28. Nb3 Nb7 29. Rd1 Nd6 30. Nd2 Be6 31. h5 Rdc8 32. Rac1 Bxa2 33. c4 Qc5 34. Qb2 Bxc4 35. hxg6 Kxg6 36. Ne4 Nxe4 37. Bxe4+ f5 38. Bd5 b5 39. Qxe5 Re8 40. Qg3+ Kf6 41. Qh4+ Kg6 42. Bxc4 bxc4 43. Rxc4 Qe7 44. Rc6+ Kg7 45. Qh6+ Kh8 46. Rdc1 Qg7 47. Qh3 Rf8 48. Qh5 Rb7 49. Rc8 Rbf7 50. g3 Qg6 51. Qf3 Kg7 52. Qf4 Rxc8 53. Rxc8 Qf6 54. Qb8 Kg6 55. Rg8+ Rg7 56. Qe8+ Kh6 57. Rf8 Qb6 58. Qe5 Qb1+ 59. Kh2 Rg4 60. Rf6+ Kh5 61. Qd6 Rg6 62. Qe5 Rxf6 63. Qxf6 Qe4 64. Qf7+ Kh6 65. Qc7 Kg6 66. Qd6+ Kf7 67. Qh6 Kg8 68. Qg5+ Kf7 69. Qh4 Kg6 70. Qxe4 fxe4 71. Kh3 Kg5 72. g4 h5 73. gxh5 Kxh5 74. Kg3 Kg5 75. f3 exf3 76. Kxf3 Kf5 77. Kf2 Ke5 78. Ke1 Ke4 79. Kf2 Ke5 80. Kf1 1/2-1/2

[Event "Florianopolis op 5th"]
[Site "Florianopolis"]
[Date "2019.01.25"]
[Round "7"]
[White "Almeida, Heidy Jose Moreira"]
[Black "De Oliveira, Marlon Joshua"]
[Result "1/2-1/2"]
[WhiteElo "1886"]
[BlackElo "1800"]
[PlyCount "136"]
[EventDate "2019.01.21"]
[EventType "swiss"]
[EventRounds "10"]
[EventCountry "BRA"]
[SourceTitle "EXT 2020"]
[Source "ChessBase"]
[SourceDate "2019.10.17"]
[SourceVersion "1"]
[SourceVersionDate "2019.10.17"]
[SourceQuality "1"]

1. e4 c5 2. Nf3 Nc6 3. d4 cxd4 4. Nxd4 e5 5. Nb5 a6 6. Nd6+ Bxd6 7. Qxd6 Qe7 8. Qxe7+ Ngxe7 9. c3 d5 10. exd5 Nxd5 11. Na3 Bf5 12. Nc4 Rd8 13. Ne3 Nxe3 14. Bxe3 0-0 15. Bb6 Rd7 16. Rd1 Rxd1+ 17. Kxd1 Re8 18. Be2 Re7 19. Kc1 Rd7 20. Rd1 Rxd1+ 21. Bxd1 Be6 22. b3 f5 23. Bc2 e4 24. Bc7 Kf7 25. Kd2 b5 26. Ke3 Kf6 27. g4 g6 28. gxf5 gxf5 29. f3 exf3 30. Kxf3 Ne5+ 31. Kf4 Nc6 32. Bd3 h6 33. h4 h5 34. Be2 Bf7 35. Bf3 Be8 36. Bd5 Bd7 37. Bb6 a5 38. Bxc6 Bxc6 39. Bxa5 Ke6 40. c4 bxc4 41. bxc4 Be4 42. Bb4 Kd7 43. Kg5 Bf3 44. Kxf5 Kc6 45. Ke5 Bd1 46. Kd4 Ba4 47. Kc3 Bd1 48. Bf8 Bg4 49. Kb4 Bc8 50. a4 Ba6 51. Kc3 Bc8 52. Bb4 Ba6 53. Kd4 Bc8 54. Bc5 Ba6 55. a5 Bc8 56. Be7 Ba6 57. Bd8 Bc8 58. Bb6 Ba6 59. Kd3 Bc8 60. Ke4 Ba6 61. c5 Be2 62. Kf5 Kb7 63. Kf4 Kc6 64. Ke3 Bb5 65. Kf2 Bc4 66. Ke1 Be6 67. a6 Kd7 68. a7 Bd5 1/2-1/2

[Event "Blumenau STD op"]
[Site "Blumenau"]
[Date "2018.09.28"]
[Round "2"]
[White "Almeida, Heidy Jose Moreira"]
[Black "De Borba, Guilherme"]
[Result "0-1"]
[WhiteElo "1878"]
[BlackElo "2290"]
[PlyCount "68"]
[EventDate "2018.09.28"]
[EventType "swiss"]
[EventRounds "6"]
[EventCountry "BRA"]
[SourceTitle "EXT 2020"]
[Source "ChessBase"]
[SourceDate "2019.10.17"]
[SourceVersion "1"]
[SourceVersionDate "2019.10.17"]
[SourceQuality "1"]

1. e4 e5 2. Nf3 Nc6 3. Bc4 Bc5 4. 0-0 Nf6 5. d3 d6 6. h3 0-0 7. Bg5 Na5 8. Nc3 Nxc4 9. dxc4 c6 10. Na4 Bb4 11. c5 Qe7 12. cxd6 Bxd6 13. Qe2 h6 14. Bh4 g5 15. Nxg5 hxg5 16. Bxg5 Qe6 17. Rad1 Nh7 18. Qh5 Be7 19. Bh6 Rd8 20. Rxd8+ Bxd8 21. Rd1 Bf6 22. Rd3 Qe7 23. Rg3+ Kh8 24. Nc5 Bd7 25. Nxd7 Qxd7 26. Bg5 Bxg5 27. Rxg5 f6 28. Rg6 Rd8 29. Kh2 Rg8 30. Rh6 Rg5 31. Qf3 Kg7 32. Rh4 Nf8 33. Rh5 Rxh5 34. Qxh5 Ng6 0-1

[Event "Blumenau STD op"]
[Site "Blumenau"]
[Date "2018.05.26"]
[Round "3"]
[White "Almeida, Heidy Jose Moreira"]
[Black "Kim, Thiago"]
[Result "1-0"]
[WhiteElo "1873"]
[BlackElo "1435"]
[PlyCount "67"]
[EventDate "2018.05.25"]
[EventType "swiss"]
[EventRounds "6"]
[EventCountry "BRA"]
[SourceTitle "CBM 184 Extra"]
[Source "ChessBase"]
[SourceDate "2018.06.28"]
[SourceVersion "1"]
[SourceVersionDate "2018.06.28"]
[SourceQuality "1"]

1. e4 c5 2. Nc3 e6 3. f4 Nc6 4. Nf3 d6 5. Be2 Be7 6. 0-0 Qc7 7. d4 cxd4 8. Nxd4 a6 9. Kh1 Nf6 10. Be3 0-0 11. Qe1 Nxd4 12. Bxd4 e5 13. Be3 Bg4 14. fxe5 dxe5 15. Rxf6 Bxe2 16. Nd5 Qd8 17. Bb6 Qd7 18. Rf5 Bc4 19. Rxe5 Bxd5 20. Rxd5 Qc6 21. Bd4 Rac8 22. c3 Bf6 23. Bxf6 Qxf6 24. e5 Qb6 25. Rad1 Qxb2 26. e6 Qb6 27. e7 Rfe8 28. Rd6 Qc7 29. Rd7 Qb6 30. Qe5 Qc6 31. Qd4 Qe6 32. Qb4 Rb8 33. Rd8 Qe5 34. Qd6 1-0

[Event "Florianopolis op 4th"]
[Site "Florianopolis"]
[Date "2018.01.21"]
[Round "4"]
[White "Almeida, Heidy Jose Moreira"]
[Black "Gomes, Guilherme Rodrigues"]
[Result "1-0"]
[WhiteElo "1862"]
[BlackElo "1800"]
[PlyCount "24"]
[EventDate "2018.01.19"]
[EventType "swiss"]
[EventRounds "10"]
[EventCountry "BRA"]
[SourceTitle "EXT 2019"]
[Source "ChessBase"]
[SourceDate "2018.10.10"]
[SourceVersion "1"]
[SourceVersionDate "2018.10.10"]
[SourceQuality "1"]

1. e4 c5 2. Nf3 d6 3. d4 cxd4 4. Nxd4 Nf6 5. Nc3 Nc6 6. Be3 e5 7. Nf3 Be7 8. h3 Be6 9. Ng5 Bc8 10. Bc4 d5 11. Nxd5 Nxd5 12. Qxd5 Qxd5 1-0

[Event "Florianopolis zt 2.4"]
[Site "Florianopolis"]
[Date "2017.04.30"]
[Round "8"]
[White "Almeida, Heidy Jose Moreira"]
[Black "Masselli, Eduardo"]
[Result "0-1"]
[WhiteElo "1892"]
[BlackElo "1665"]
[PlyCount "58"]
[EventDate "2017.04.26"]
[EventType "swiss"]
[EventRounds "9"]
[EventCountry "BRA"]
[SourceTitle "CBM 178 Extra"]
[Source "ChessBase"]
[SourceDate "2017.06.22"]
[SourceVersion "1"]
[SourceVersionDate "2017.06.22"]
[SourceQuality "1"]

1. e4 Nf6 2. Nc3 d5 3. e5 d4 4. exf6 dxc3 5. dxc3 Qxd1+ 6. Kxd1 gxf6 7. Bd3 Nc6 8. f4 Bg4+ 9. Ke1 0-0-0 10. h3 Bd7 11. Ne2 e5 12. Be3 Bh6 13. Kf2 Rde8 14. Rhe1 a6 15. g4 Ne7 16. f5 Bg5 17. Kf3 h5 18. Rh1 Nd5 19. Bf2 Nf4 20. Ng3 Bc6+ 21. Be4 Bb5 22. a4 Bd7 23. Be3 hxg4+ 24. hxg4 Nh3 25. Nh5 Nf4 26. Bxf4 exf4 27. Nxf4 Rxh1 28. Rxh1 Bxf4 29. Kxf4 Rxe4+ 0-1

[Event "Florianopolis op 2nd"]
[Site "Florianopolis"]
[Date "2016.01.19"]
[Round "6"]
[White "Do Prado, Hamilton Mesquita"]
[Black "Almeida, Heidy Jose Moreira"]
[Result "1-0"]
[WhiteElo "1673"]
[BlackElo "1984"]
[PlyCount "59"]
[EventDate "2016.01.16"]
[EventType "swiss"]
[EventRounds "10"]
[EventCountry "BRA"]
[SourceTitle "CBM 170 Extra"]
[Source "ChessBase"]
[SourceDate "2016.02.25"]
[SourceVersion "1"]
[SourceVersionDate "2016.02.25"]
[SourceQuality "1"]

1. d4 Nf6 2. Bf4 g6 3. e3 d5 4. Nf3 Bg7 5. c4 0-0 6. Nc3 c6 7. c5 Nbd7 8. Be2 Re8 9. 0-0 Nh5 10. Bg5 h6 11. Bh4 g5 12. Ne1 Nhf6 13. Bg3 e5 14. dxe5 Nxe5 15. Rc1 Qa5 16. Na4 Bg4 17. f3 Bh5 18. Bf2 Rad8 19. Nc3 Re6 20. b4 Qc7 21. Nc2 Ne8 22. Nd4 Rf6 23. Bg3 Qe7 24. Qd2 Nc7 25. b5 cxb5 26. Bxb5 Nxb5 27. Ncxb5 Nc4 28. Qb4 Qxe3+ 29. Bf2 Qe8 30. Rfe1 1-0